000
00313nam a22001217a 4500
008
230621b xxu||||| |||| 00| 0 eng d
082
_a
328.3
_b
CPA
100
_c
CPA
245
_a
Thirty-sixth Commonwealth
_b
Parliamentary Conference Zimbabwe 1990
260
_a
London
_b
CPA
_c
1990
300
_a
31p
942
_2
ddc
_c
BK
999
_c
2154
_d
2154